Hungarian players in Premier League (2000-) - Statistics

General Stats
  • This quiz has been taken 67 times
  • The average score is 5 of 11
Answer Stats
Ranking Player Positions Nationality Matches Goals (assists) Periods Clubs % Correct
2 Dominik Szoboszlai MF, FW 69 9 (8) 2023-2025
100%
3 Milos Kerkez DF 66 2 (6) 2023-2025
95%
1 Zoltán Gera MF 172 17 (12) 2004-2005, 2008-2014
72%
6 Ádám Bogdán GK 26 0 (0) 2010-2011, 2015-2016
68%
5 Gábor Király GK 37 0 (1) 2004-2005, 2006-2007
68%
4 Márton Fülöp GK 44 0 (0) 2007-2009, 2011-2012
30%
10 Sándor Torghelle FW 12 0 (0) 2004-2005
19%
9 Tamás Priskin FW 16 2 (0) 2006-2007
19%
7 Ákos Buzsáky MF 18 2 (2) 2011-2012
14%
8 Péter Halmosi DF, MF 18 0 (0) 2008-2009
9%
11 Péter Kurucz GK 1 0 (0) 2009-2010
7%
No matching quizzes found
Score Distribution
Percent of People with Each Score
Percentile by Number Answered
Your Score History
You have not taken this quiz